LEADER 04592nam 2200721 a 450 001 9910454950203321 005 20200520144314.0 010 $a1-280-20755-8 010 $a9786610207558 010 $a0-306-47205-8 024 7 $a10.1007/0-306-47205-8 035 $a(CKB)111056486602272 035 $a(EBL)3035569 035 $a(SSID)ssj0000260644 035 $a(PQKBManifestationID)11209516 035 $a(PQKBTitleCode)TC0000260644 035 $a(PQKBWorkID)10224252 035 $a(PQKB)10293522 035 $a(DE-He213)978-0-306-47205-3 035 $a(MiAaPQ)EBC3035569 035 $a(MiAaPQ)EBC196704 035 $a(Au-PeEL)EBL3035569 035 $a(CaPaEBR)ebr10048359 035 $a(CaONFJC)MIL20755 035 $a(OCoLC)923696269 035 $a(Au-PeEL)EBL196704 035 $a(OCoLC)936889469 035 $a(EXLCZ)99111056486602272 100 $a19951207d1996 uy 0 101 0 $aeng 135 $aur|n|---||||| 181 $ctxt 182 $cc 183 $acr 200 00$aTowards gender equity in mathematics education$b[electronic resource] $ean ICMI study /$fedited by Gila Hanna 205 $a1st ed. 2002. 210 $aDordrecht ;$aBoston, Mass $cKluwer Academic$dc1996 215 $a1 online resource (318 p.) 225 1 $aNew ICMI studies series ;$vv. 3 300 $aDescription based upon print version of record. 311 $a0-7923-3921-5 320 $aIncludes bibliographical references and index. 327 $aIntroduction: Towards Gender Equity in Mathematics Education -- Introduction: Towards Gender Equity in Mathematics Education -- General Issues -- Mathematics, Gender, and Research -- Gender and Mathematics: Mythology and Misogyny -- Gender Equity: A Reappraisal -- Symbolic Interactionism and Ethnomethodology as a Theoretical Framework for the Research on Gender and Mathematics -- Curriculum and Assessment: Hitting Girls Twice? -- Mathematics and Gender: Some Cross-Cultural Observations -- Cross-Cultural Perspectives -- Women?s Participation in Mathematics Education in Sweden -- Gender and Mathematics Education in Norway -- Gender and Mathematics Education in Denmark -- Gender and Mathematics Education in Finland -- Gender and Mathematics Education: A German View -- Is Gender a Relevant Variable for Mathematics Education? The French Case -- Women?s Know-How and Authority: Italian Women and Mathematics -- Gender and Mathematics in England and Wales -- Gender and Mathematics in The Context of Australian Education -- Mathematics, Women, and Education in New Zealand -- Gender and Mathematics Education: A Snapshot of China -- Gender and Mathematics in Mexico -- Female Participation in the Study of Mathematics: The US Situation. 330 $aTHE REAL WORLD OF MATHEMATICS, SCIENCE, AND TECHNOLOGY EDUCATION In this Preface, I would like to focus on what I mean by ?education? and speak about the models and metaphors that are used when people talk, write, and act in the domain of education. We need to look at the assu- tions and processes that the models and metaphors implicitly and explicitly contain. I feel we should explore whether there is a specific thrust to mat- matics education in the here and now, and be very practical about it. For me education is the enhancement of knowledge and understanding, and there is a strong and unbreakable link between the two. There seems l- tle point in acquiring knowledge without understanding its meaning. Nor is it enough to gain a deep understanding of problems without gaining the appropriate knowledge to work for their solution. Thus knowledge and understanding are each necessary conditions for the process of education, but only when they are linked will the process bear fruit. Only in the b- anced interplay of knowledge and understanding can we expect to achieve genuine education. 410 0$aNew ICMI studies series ;$vv. 3. 606 $aMathematical ability$xSex differences 606 $aSex differences in education 606 $aWomen in mathematics 606 $aMathematics$xStudy and teaching 608 $aElectronic books. 615 0$aMathematical ability$xSex differences. 615 0$aSex differences in education. 615 0$aWomen in mathematics. 615 0$aMathematics$xStudy and teaching. 676 $a510/.7 701 $aHanna$b G$g(Gila),$f1934-$01052913 801 0$bMiAaPQ 801 1$bMiAaPQ 801 2$bMiAaPQ 906 $aBOOK 912 $a9910454950203321 996 $aTowards gender equity in mathematics education$92484464 997 $aUNINA LEADER 06243nam 2201345 450 001 9910826749303321 005 20230126205350.0 010 $a0-691-17358-3 010 $a1-4008-5037-1 024 7 $a10.1515/9781400850372 035 $a(CKB)2550000001301527 035 $a(EBL)1660476 035 $a(OCoLC)880057812 035 $a(SSID)ssj0001197060 035 $a(PQKBManifestationID)12523258 035 $a(PQKBTitleCode)TC0001197060 035 $a(PQKBWorkID)11177371 035 $a(PQKB)11418191 035 $a(MiAaPQ)EBC1660476 035 $a(StDuBDS)EDZ0001059566 035 $a(MdBmJHUP)muse43382 035 $a(DE-B1597)453986 035 $a(OCoLC)979624326 035 $a(DE-B1597)9781400850372 035 $a(Au-PeEL)EBL1660476 035 $a(CaPaEBR)ebr10871936 035 $a(CaONFJC)MIL610256 035 $a(EXLCZ)992550000001301527 100 $a20140531h20142014 uy 0 101 0 $aeng 135 $aurun#---|u||u 181 $ctxt 182 $cc 183 $acr 200 10$aSelling Our souls $ethe commodification of hospital care in the United States /$fAdam D. Reich 205 $aCourse Book 210 1$aPrinceton, New Jersey ;$aOxfordshire, England :$cPrinceton University Press,$d2014. 210 4$dİ2014 215 $a1 online resource (245 p.) 300 $aDescription based upon print version of record. 311 0 $a0-691-16040-6 311 0 $a1-306-79005-0 320 $aIncludes bibliographical references and index. 327 $tFront matter --$tContents --$tIntroduction --$tPart One. PubliCare Rebuffs the Market --$tChapter One. Health Care for All --$tChapter Two. Privileged Servants --$tChapter three. Feels Like Home --$tPart two. Holy Care Moralizes the Market --$tChapter four. Sacred Encounters --$tChapter five. Good Business --$tChapter six. The Martyred Heart --$tPart three. GroupCare Tames the Market --$tChapter seven. Flourishing --$tChapter eight. Disciplined Doctors --$tChapter nine. Partnership --$tConclusion --$tAcknowledgments --$tA Note on Methods --$tNotes --$tBibliography --$tIndex 330 $aHealth care costs make up nearly a fifth of U.S. gross domestic product, but health care is a peculiar thing to buy and sell. Both a scarce resource and a basic need, it involves physical and emotional vulnerability and at the same time it operates as big business. Patients have little choice but to trust those who provide them care, but even those providers confront a great deal of medical uncertainty about the services they offer. Selling Our Souls looks at the contradictions inherent in one particular health care market-hospital care. Based on extensive interviews and observations across the three hospitals of one California city, the book explores the tensions embedded in the market for hospital care, how different hospitals manage these tensions, the historical trajectories driving disparities in contemporary hospital practice, and the perils and possibilities of various models of care. As Adam Reich shows, the book's three featured hospitals could not be more different in background or contemporary practice. PubliCare was founded in the late nineteenth century as an almshouse in order to address the needs of the destitute. Holy Care was founded by an order of nuns in the mid-twentieth century, offering spiritual comfort to the paying patient. And GroupCare was founded in the late twentieth century to rationalize and economize care for middle-class patients and their employers. Reich explains how these legacies play out today in terms of the hospitals' different responses to similar market pressures, and the varieties of care that result. Selling Our Souls is an in-depth investigation into how hospital organizations and the people who work in them make sense of and respond to the modern health care market. 606 $aHospital care 606 $aHospitals$xBusiness management 606 $aHospital care$xCost effectiveness 610 $aCatholic values. 610 $aEmergency Medical Incorporated. 610 $aGroupCare Hospital. 610 $aHolyCare Hospital. 610 $aPatient Protection and Affordable Care Act. 610 $aPubliCare Hospital. 610 $aSierra Medical Foundation. 610 $aWestside Health Corporation. 610 $aautonomy. 610 $abilling practices. 610 $acamaraderie. 610 $achaplains. 610 $acollegiality. 610 $acommodification. 610 $acreativity. 610 $adisciplinary authority. 610 $aegalitarianism. 610 $aelectronic medical records. 610 $aentrepreneur. 610 $aentrepreneurship. 610 $aevidence-based medicine. 610 $ahealing. 610 $ahealth care. 610 $ahospital care. 610 $ahospital staff. 610 $ahospitals. 610 $aindividualism. 610 $ainformality. 610 $ainsurance industry. 610 $alabor-management partnership. 610 $amalpractice insurance. 610 $amanagement. 610 $amarket. 610 $amarketing. 610 $amedical paternalism. 610 $anurses. 610 $apalliative care. 610 $apartnerships. 610 $apatient satisfaction surveys. 610 $apatients. 610 $aphysicians. 610 $apower. 610 $apublic service. 610 $arationalization. 610 $areligious identity. 610 $aresidency program. 610 $aresources. 610 $ashared responsibility. 610 $asocial justice. 610 $asocial values. 610 $asocialized medicine. 610 $asystems integration. 610 $avocational commitment. 610 $avocational ethic. 610 $avocational values. 615 0$aHospital care. 615 0$aHospitals$xBusiness management. 615 0$aHospital care$xCost effectiveness. 676 $a362.11 700 $aReich$b Adam D$g(Adam Dalton),$f1981-$01096836 801 0$bMiAaPQ 801 1$bMiAaPQ 801 2$bMiAaPQ 906 $aBOOK 912 $a9910826749303321 996 $aSelling Our souls$93942848 997 $aUNINA